Sports Quiz

Random Sports or NFL Quiz

NFL Players in College (slideshow) Quiz Stats

Quiz not verified by Sporcle

Challenge
Share
Tweet
Score 0/20 Timer 04:00
0 Plays Today
% Correct
Eli Manning
93.5%
Tim Tebow
92.9%
Cam Newton
89.4%
Robert Griffin III
88.7%
Adrian Peterson
87.5%
Aaron Rodgers
85.8%
Peyton Manning
80.7%
Tom Brady
80.4%
J.J. Watt
75.8%
Barry Sanders
75.4%
% Correct
Randy Moss
74%
Deion Sanders
72%
Brett Favre
71.3%
Drew Brees
71.1%
Joe Montana
66.4%
O.J. Simpson
57.4%
Jerry Rice
56.8%
Calvin Johnson
56.1%
Ed Reed
55.7%
Joe Namath
53.4%

You're not logged in!

Compare scores with friends on all Sporcle quizzes.
Sign Up with Email
OR
Log In

You Might Also Like...

Show Comments

Extras

Top Quizzes Today


Score Distribution

Your Account Isn't Verified!

In order to create a playlist on Sporcle, you need to verify the email address you used during registration. Go to your Sporcle Settings to finish the process.